000 01673nam a2200349 a 4500
001 ebr10444373
003 CaPaEBR
006 m u
007 cr cn|||||||||
008 100714s2011 njuk s 001 0 eng d
020 _z9780470554456 (pbk.)
020 _z9781118060070 (e-book)
040 _aCaPaEBR
_cCaPaEBR
035 _a(OCoLC)748093231
043 _an-us---
050 1 4 _aHF5686.N56
_bL37 2011eb
082 0 4 _a657.98021873
_222
100 1 _aLarkin, Richard F.
245 1 0 _aWiley not-for-profit GAAP 2011
_h[electronic resource] :
_binterpretation and application of generally accepted accounting principles for not-for-profit organizations /
_cRichard F. Larkin, Marie DiTommaso.
246 3 0 _aNot-for-profit GAAP 2011
260 _aHoboken, N.J. :
_bWiley,
_cc2011.
300 _a504 p. :
_bforms.
500 _aIncludes index.
505 0 _apt. 1. Overivew of not-for-profit organization -- pt. 2. Basic financial statements -- pt. 3. Specific not-for-profit accounting topics -- pt. 4. Other accounting-related not-for-profit topics -- pt. 5. General accounting topics applied to not-for-profit organizations.
533 _aElectronic reproduction.
_bPalo Alto, Calif. :
_cebrary,
_d2013.
_nAvailable via World Wide Web.
_nAccess may be limited to ebrary affiliated libraries.
650 0 _aNonprofit organizations
_zUnited States
_xAccounting.
650 0 _aAccounting
_xStandards
_zUnited States.
655 7 _aElectronic books.
_2local
700 1 _aDiTommaso, Marie.
710 2 _aebrary, Inc.
856 4 0 _uhttp://site.ebrary.com/lib/rucke/Doc?id=10444373
_zAn electronic book accessible through the World Wide Web; click to view
999 _c135732
_d135732